Online Catalogue and eLibrary

Women United, Women Divided; (Record no. 5983)

MARC details
000 -LEADER
fixed length control field 00639cam a2200241 i 4500
001 - CONTROL NUMBER
control field 4651344
005 - DATE AND TIME OF LATEST TRANSACTION
control field 20250219034539.0
008 - FIXED-LENGTH DATA ELEMENTS--GENERAL INFORMATION
fixed length control field 790619s1978 enk b 001 0 eng
020 ## - INTERNATIONAL STANDARD BOOK NUMBER
ISBN 0422764906
040 ## - CATALOGING SOURCE (பட்டியலாக்க மூலம்)
Original cataloging agency DLC
Transcribing agency DLC
Modifying agency DLC
082 00 - DDC Classification
Class No. 305.4
DDC Edition Number 87
Item Number - Author Mark CAP
245 00 - TITLE STATEMENT
Title Women United, Women Divided;
Remainder of title Cross-Cultural Perspectives on Female Solidarity
260 ## - PUBLICATION, DISTRIBUTION, ETC.
Place of publication, distribution, etc. London:
Name of publisher, distributor, etc. Tavistock Publication Limited
Date of publication, distribution, etc. 1978.
300 ## - PHYSICAL DESCRIPTION
Extent (e.g. Volumes, Pages etc.) 288 p.,
490 0# - SERIES STATEMENT
Series statement Tavistock women's studies
650 #0 - SUBJECT ADDED ENTRY--TOPICAL TERM
Topical term or geographic name entry element Women
650 #0 - SUBJECT ADDED ENTRY--TOPICAL TERM
Topical term or geographic name entry element Solidarity
650 #0 - SUBJECT ADDED ENTRY--TOPICAL TERM
Topical term or geographic name entry element Labour
650 #0 - SUBJECT ADDED ENTRY--TOPICAL TERM
Topical term or geographic name entry element Sexual
700 1# - ADDED ENTRY--PERSONAL NAME
Personal name Caplan, P
Relator term (Role) Editor
700 1# - ADDED ENTRY--PERSONAL NAME
Personal name Bujra, J. M
942 ## - Koha item type (Biblio)
Koha item type Books in Stacks (Lending)
Holdings
Lost status Damaged status Collection code Home library Current library Date acquired Full call number Accession Number Item type
    Lending WERC Library WERC Library 02/19/2025 305.4 CAP 87 Books in Stacks (Lending)

© WERC Library